Původ totalitarismu I-III / Hannah Arendtová ; [z angličtiny přeložila Jana Fraňková ... et al.]
Record details
- ISBN: 80-86005-13-5
- Physical Description: 679 s. ; 20 cm
- Edition: 1. vyd.
- Publisher: Praha : OIKOYMENH, 1996
Content descriptions
| General Note: | Pozn. |
| Bibliography, etc. Note: | Odkazy na lit. Bibliogr. na str. 647-679 |
| Formatted Contents Note: | I. Antisemitismus -- II. Imperialismus -- III. Totalitarismus |
Search for related items by subject
| Subject: | totalitarismus imperialismus antisemitismus politická filozofie |
| Genre: | monografie |
Search for related items by series
Available copies
- 2 of 2 copies available at Common Catalog SPOK.
Holds
- 0 current holds with 2 total copies.
Show All Copies
| Location | Call Number / Copy Notes | Barcode | Shelving Location | Status | Due Date |
|---|---|---|---|---|---|
| Terezin Initiative Institute | 4033 | 4594304033 | Knihovna ITI | Available | - |
| Jabok Library | FL-3/Ar | 424480001087 | Odborná literatura | Available | - |
| LDR | 01436nam a2200457 a 4500 | ||
|---|---|---|---|
| 001 | 10716 | ||
| 003 | CZ-PrJAB | ||
| 005 | 20220902052552.0 | ||
| 007 | tu | ||
| 008 | 961205s1996 xr f 000 0 cze | ||
| 015 | . | ‡acnb000166886 | |
| 020 | . | ‡a80-86005-13-5 ‡q(brož.) | |
| 035 | . | ‡a(CZ PrNK)cpk19960166886 | |
| 035 | . | ‡a(OCoLC)36508983 | |
| 040 | . | ‡aABA001 ‡bcze | |
| 041 | 1 | . | ‡acze ‡heng |
| 072 | 7. | ‡a321 ‡xPolitologie ‡2Konspekt ‡915 | |
| 080 | . | ‡a321.64 ‡2MRF | |
| 080 | . | ‡a327.2 ‡2MRF | |
| 080 | . | ‡a316.64(=411.16)-021.485 ‡2MRF | |
| 080 | . | ‡a32:1 ‡2MRF | |
| 080 | . | ‡a(048.8) ‡2MRF | |
| 100 | 1 | . | ‡aArendt, Hannah, ‡d1906-1975 ‡7jn19990000230 ‡4aut |
| 240 | 1 | 0. | ‡aOrigins of totalitarianism. ‡lČesky ‡7aun2014801849 |
| 245 | 1 | 0. | ‡aPůvod totalitarismu I-III / ‡cHannah Arendtová ; [z angličtiny přeložila Jana Fraňková ... et al.] |
| 250 | . | ‡a1. vyd. | |
| 260 | . | ‡aPraha : ‡bOIKOYMENH, ‡c1996 | |
| 300 | . | ‡a679 s. ; ‡c20 cm | |
| 490 | 1 | . | ‡aOikúmené |
| 500 | . | ‡aPozn. | |
| 504 | . | ‡aOdkazy na lit. | |
| 504 | . | ‡aBibliogr. na str. 647-679 | |
| 505 | 0 | 0. | ‡gI. ‡tAntisemitismus -- ‡gII. ‡tImperialismus -- ‡gIII. ‡tTotalitarismus |
| 650 | 0 | 7. | ‡atotalitarismus ‡7ph116467 ‡2czenas |
| 650 | 0 | 7. | ‡aimperialismus ‡7ph121038 ‡2czenas |
| 650 | 0 | 7. | ‡aantisemitismus ‡7ph118516 ‡2czenas |
| 650 | 0 | 7. | ‡apolitická filozofie ‡7ph115786 ‡2czenas |
| 655 | 7. | ‡amonografie ‡7fd132842 ‡2czenas | |
| 830 | 0. | ‡aOikúmené | |
| 910 | . | ‡aABG312 | |
| 910 | . | ‡aABE340 ‡b4033 | |
| 995 | . | ‡askok | |
| 901 | . | ‡a10716 ‡bUnknown ‡c10716 ‡tbiblio | |